مكتبة جامعة عجلون الوطنية

فهرس بحث المكتبة

Normal view MARC view
  • العقود -- العقود الانشائية -- عقود المقاولين -- عثود فيدك

Entry Topical Term

Number of records used in: 1

001 - CONTROL NUMBER

  • control field: 11193

003 - CONTROL NUMBER IDENTIFIER

  • control field: JO-AjAnu

005 - DATE AND TIME OF LATEST TRANSACTION

  • control field: 20230606072110.0

008 - FIXED-LENGTH DATA ELEMENTS

  • fixed length control field: 230606|| aca||aabn | a|a d

040 ## - CATALOGING SOURCE

  • Original cataloging agency: JO-AjAnu
  • Transcribing agency: JO-AjAnu

150 ## - HEADING--TOPICAL TERM

  • Topical term or geographic name entry element: العقود -- العقود الانشائية -- عقود المقاولين -- عثود فيدك

670 ## - SOURCE DATA FOUND

  • Source citation: Work cat.: (JO-AjAnu)5764: تأليف الاتحاد الدولي للمهندسين الاستشاريين؛ داود خلف، مترجم, author 11192, الشروط العامة لعقود فيديك النموذجية ( الإتحاد الدولي للمهندسين الإستشاريين)